[Event "Amber-blind 2nd"]
[Site "Monte Carlo"]
[Date "1993.??.??"]
[Round "1"]
[White "Ljubojevic, Ljubomir"]
[Black "Piket, Jeroen"]
[Result "1/2-1/2"]
[WhiteElo "2605"]
[BlackElo "2245"]

1.c4 e5 2.Nc3 Nc6 3.g3 g6 4.Bg2 Bg7 5.Rb1 a5 6.a3 Nf6 7.e3 O-O 8.Nge2 d6
9.d3 Ne7 10.O-O c6 11.e4 Be6 12.f4 Ng4 13.Kh1 f5 14.h3 Nf6 15.b3 exf4 16.Nxf4 Bf7
17.Bb2 Qd7 18.Qd2 Rae8 19.Rbd1 h6 20.Qc1 g5 21.Nfe2 Bg6 22.Kh2 Nc8 23.exf5 Bxf5
24.g4 Bxg4 25.hxg4 Qxg4 26.Kg1 Qh4 27.Rxf6 Rxf6 28.Ne4 Rxe4 29.dxe4 Qf2+
30.Kh1 Qxe2 31.Bxf6 Bxf6 32.Qd2 Qh5+ 33.Kg1 Be5 34.Kf1 a4 35.Qe2 Qxe2+ 36.Kxe2 axb3
37.Rd3 Nb6 38.Rxb3 Nxc4 39.Rxb7 Nxa3 40.Bh3 Nb5 41.Bg4 Kf8 42.Kd3 Kg8 43.Bh5 Kf8
44.Bg4 Kg8  1/2-1/2

[Event "Amber-rapid 2nd"]
[Site "Monte Carlo"]
[Date "1993.??.??"]
[Round "5"]
[White "Ljubojevic, Ljubomir"]
[Black "Polugaevsky, Lev"]
[Result "1/2-1/2"]
[WhiteElo "2605"]
[BlackElo "2635"]

1.e4 c5 2.Nf3 d6 3.Nc3 Nf6 4.d4 cxd4 5.Nxd4 a6 6.f4 e6 7.Qf3 Qb6 8.a3 Nc6
9.Nb3 Qc7 10.g4 b5 11.g5 Nd7 12.h4 Bb7 13.Bg2 b4 14.axb4 Nxb4 15.Qe2 Rc8
16.Be3 g6 17.Ra4 Nc6 18.f5 Nde5 19.fxe6 fxe6 20.Bh3 Qe7 21.O-O Bg7 22.Nd4 Nxd4
23.Rxd4 Rf8 24.Rb4 Rxf1+ 25.Qxf1 Rc7 26.Bb6 Rc6 27.Bd4 Bc8 28.Kg2 h6 29.Be3 hxg5
30.Bxg5 Qf7 31.Kg3 Nd7 32.Qxf7+ Kxf7 33.Bd2 Be5+ 34.Kf3 Bf6 35.Kg3 Nb6 36.Nb1 Be5+
37.Kf3 Nc4 38.Bc1 Bd4 39.c3 Ba7 40.Ra4 Ne5+ 41.Ke2 Rb6 42.Na3 Bd7 43.Rd4 Rc6
44.Rb4 Bc5 45.Rb3 Rc7 46.Bf4 Ba4 47.Rb8 Bxa3 48.bxa3 Nd7 49.Rb4 Bb5+ 50.Kd2 Nb6
51.Kc2 e5 52.Bg5 d5 53.Bd8 Rc6 54.Bxb6 d4 55.Bxd4 exd4 56.Rxd4 Rf6 57.e5 Rf3
58.Bd7 Bf1 59.Bc6 Rf2+ 60.Kb3 Ke6 61.Rd6+ Kxe5 62.Rxg6 Rf4 63.Rh6 Bc4+ 64.Kb4 Bb5+
65.Kc5 Rc4+ 66.Kb6 Rxc3 67.a4 Be2 68.Rh8 Rb3+ 69.Ka5 Kd6 70.Rh6+ Kc5 71.Bd7 Rb1
72.Bc8 Rb8 73.Bd7 Rb1 74.Rc6+ Kd5 75.Rc2 Bc4 76.Rh2 Kd6 77.Bf5 Ra1 78.Bc2 Ra2
79.Kb4 Bf7 80.Rd2+ Kc7 81.Rf2 Be8 82.a5 Rb2+ 83.Kc3 Ra2 84.Kb4 Rb2+ 85.Ka3 Rb8
86.Bd3 Bb5 87.Rc2+ Kd6 88.Rb2 Rh8 89.Bxb5 axb5 90.Rh2 Kc5 91.h5 Rh6 92.Rh4 Ra6
93.h6 Rxa5+ 94.Kb3 Ra8 95.h7 Rh8 96.Rh6 Kd5 97.Kb4 Ke5 98.Kxb5 Kf5 99.Kc5 Kg5  1/2-1/2

[Event "Amber-rapid 2nd"]
[Site "Monte Carlo"]
[Date "1993.??.??"]
[Round "10"]
[White "Ljubojevic, Ljubomir"]
[Black "Kortschnoj, Viktor"]
[Result "1/2-1/2"]
[WhiteElo "2605"]
[BlackElo "2605"]

1.e4 c6 2.Nf3 d5 3.Nc3 Bg4 4.h3 Bxf3 5.Qxf3 Nf6 6.d3 e6 7.a3 Qc7 8.g3 Nbd7
9.Bg2 a5 10.O-O Bc5 11.exd5 cxd5 12.Nb5 Qc6 13.a4 O-O 14.Bd2 Qb6 15.c3 Ne5
16.Qe2 Nc6 17.Bf4 Rac8 18.Rab1 Na7 19.d4 Be7 20.Nxa7 Qxa7 21.Bg5 Rfe8 22.Bxf6 Bxf6
23.Rfe1 Re7 24.Qb5 Rec7 25.Bf1 Re7 26.Rbd1 g6 27.h4 Rc6 28.Qb3 Qb8 29.Bb5 Rc8
30.Re3 Qd6 31.Rdd3 Bg7 32.Qd1 Bh6 33.Re1 Rec7 34.Kg2 Qd8 35.h5 Qg5 36.Rh1 Bg7
37.hxg6 hxg6 38.Rh4 f5 39.f4 Qf6 40.Re3 Re7 41.Qe2 Kf7 42.Qd1 Rh8 43.Rxh8 Bxh8
44.Re1 Kg8 45.Rh1 Rh7 46.Rxh7 Kxh7 47.Qe2 Qe7 48.Qd1 Bf6 49.Kf3 Kg7 50.Ke3 g5
51.fxg5 Bxg5+ 52.Kd3 Qf7 53.Kc2 Qg6 54.Qe2 f4+ 55.Bd3 Qf6 56.gxf4 Qxf4 57.Kb3 Kf7
58.Qh5+ Ke7 59.Qh8 Qf8 60.Qh5 Bf4 61.Bg6 Qh6 62.Qf3 Qg5 63.Bc2 Bc7 64.Qd3 Qf4
65.Ka2 Qe4 66.Qxe4 dxe4 67.Bxe4 e5 68.d5 Kd6 69.b4 axb4 70.cxb4 Bb6 71.Kb3 Bf2
72.Kc4 Bg1 73.a5 Bf2 74.Kb3 Be3 75.Ka4 Bf2 76.b5 Be3 77.b6 Bf2 78.Kb5 Bg1
79.Bf5 Bf2 80.Be4 Be3 81.Bg2 Bf2 82.Bf3 Bg1 83.Be4 Be3 84.Bf5 Bf2 85.Be4  1/2-1/2

[Event "Amber-rapid 2nd"]
[Site "Monte Carlo"]
[Date "1993.??.??"]
[Round "11"]
[White "Karpov, Anatoly"]
[Black "Ljubojevic, Ljubomir"]
[Result "0-1"]
[WhiteElo "2725"]
[BlackElo "2605"]

1.d4 Nf6 2.c4 e6 3.Nf3 b6 4.g3 Bb4+ 5.Bd2 Be7 6.Bg2 Bb7 7.Nc3 O-O 8.O-O d5
9.Ne5 c6 10.Bf4 Nfd7 11.e4 Nxe5 12.Bxe5 dxc4 13.Qg4 g6 14.Bf4 Na6 15.a3 Nc7
16.Rad1 Nb5 17.Ne2 Nd6 18.Qf3 Qd7 19.Qc3 Rfd8 20.Bxd6 Qxd6 21.e5 Qc7 22.Qxc4 Rd7
23.Rd3 Rad8 24.Rfd1 a5 25.h4 Qc8 26.Qc3 Ba6 27.R3d2 c5 28.d5 exd5 29.Nf4 d4
30.Qb3 Qc7 31.e6 c4 32.Qf3 Bb7 33.exf7+ Kxf7 34.Nd5+ Kg7 35.Nxc7 Bxf3 36.Ne6+ Kf6
37.Bxf3 Kxe6 38.Bg4+ Ke5 39.Re1+ Kf6 40.Bxd7 Rxd7 41.Re4 Bc5 42.a4 Kf5 43.f3 c3
44.Rf4+ Ke5 45.Re4+ Kf6 46.Rd3 cxb2 47.Re1 Re7 48.Rb1 Re2 49.Kf1 Rc2 50.Ke1 Rc1+
51.Rd1 Ba3 52.Ke2 Ke5 53.g4 Kd5 54.Kd2 Kc4 55.f4 Bb4+ 56.Ke2 d3+ 57.Ke3 Bc5+
58.Ke4 Rxb1 59.Rxb1 d2  0-1

[Event "Moscow blitz"]
[Site "Moscow"]
[Date "1993.??.??"]
[Round "?"]
[White "Ljubojevic, Ljubomir"]
[Black "Budnikov, Alexandar"]
[Result "1-0"]
[WhiteElo "2605"]
[BlackElo "2520"]

1.d4 Nf6 2.c4 e5 3.dxe5 Ng4 4.Nf3 Nc6 5.Nc3 Ngxe5 6.Nxe5 Nxe5 7.Qd4 d6 8.c5 Be7
9.cxd6 Qxd6 10.Qxd6 Bxd6 11.e4 Ng6 12.Bc4 c6 13.O-O O-O 14.f4 Bc5+ 15.Kh1 b5
16.Be2 a5 17.e5 Bf5 18.g4 Bd7 19.Rd1 Rad8 20.Ne4 Bb6 21.Nd6 c5 22.Bf3 Nh4
23.Be2 Bc6+ 24.Kg1 c4+ 25.Kf1 a4 26.Bd2 Bg2+ 27.Ke1 Nf3+ 28.Bxf3 Bxf3 29.h3 Bxd1
30.Rxd1 Rb8 31.Nxb5 Bc5  1-0

[Event "Moscow blitz"]
[Site "Moscow"]
[Date "1993.??.??"]
[Round "?"]
[White "Ljubojevic, Ljubomir"]
[Black "Epishin, Vladimir"]
[Result "0-1"]
[WhiteElo "2605"]
[BlackElo "2620"]

1.d4 d6 2.c4 e5 3.dxe5 dxe5 4.Qxd8+ Kxd8 5.Nc3 Be6 6.Nf3 f6 7.b3 Nd7 8.g3 c6
9.Bg2 Kc7 10.O-O a5 11.Bb2 Nh6 12.Rac1 Be7 13.Nd5+ Kd8 14.Nxe7 Kxe7 15.Ba3+ Kf7
16.Nd2 Nf5 17.e3 a4 18.Ra1 Ne7 19.Ne4 Nc8 20.f4 exf4 21.gxf4 g6 22.Ng3 f5
23.e4 Nf6 24.exf5 Bxf5 25.Nxf5 gxf5 26.Rfd1 Rg8 27.Bb2 Nb6 28.Bd4 Nbd7 29.b4 Ne4
30.Kh1 Ndf6 31.Bf3 Rad8 32.Bb6 Rxd1+ 33.Rxd1 Ke6 34.Bd4 Ng4 35.Bxe4 fxe4  0-1

[Event "Moscow blitz"]
[Site "Moscow"]
[Date "1993.??.??"]
[Round "?"]
[White "Ljubojevic, Ljubomir"]
[Black "Karpov, Anatoly"]
[Result "1/2-1/2"]
[WhiteElo "2605"]
[BlackElo "2725"]

1.c4 e5 2.Nc3 Nf6 3.g3 Bb4 4.Bg2 O-O 5.Nf3 d6 6.O-O e4 7.Nd4 Bxc3 8.dxc3 h6
9.Qc2 Re8 10.Rd1 Nbd7 11.Bf4 Qe7 12.Nb5 g5 13.Bxg5 hxg5 14.Nxc7 Nb6 15.Nxe8 Nxe8
16.Qxe4 Qxe4 17.Bxe4 Nxc4 18.b3 Ne5 19.Rd4 Rb8 20.Bg2 b6 21.f3 Kf8 22.e3 Ke7
23.h4 gxh4 24.Rxh4  1/2-1/2

[Event "Moscow blitz"]
[Site "Moscow"]
[Date "1993.??.??"]
[Round "?"]
[White "Vaganian, Rafael A"]
[Black "Ljubojevic, Ljubomir"]
[Result "0-1"]
[WhiteElo "2615"]
[BlackElo "2605"]

1.Nf3 Nf6 2.c4 d6 3.Nc3 g6 4.e4 e5 5.d4 exd4 6.Nxd4 Bg7 7.Be2 O-O 8.O-O Re8
9.f3 Nbd7 10.Bg5 h6 11.Be3 c6 12.Qd2 Kh7 13.Rfd1 Ne5 14.Nb3 Be6 15.Qxd6 Qxd6
16.Rxd6 Nxc4 17.Bxc4 Bxc4 18.Na5 Ba6 19.Rad1 Re5 20.b4 Re7 21.R6d2 Re6 22.Rd6 Rxd6
23.Rxd6 Ne8 24.Rd7 Bxc3 25.Rxf7+ Kg8 26.Rd7 Bxb4 27.Nxb7 Bxb7 28.Rxb7  0-1

[Event "Antwerp op"]
[Site "Antwerp"]
[Date "1994.??.??"]
[Round "1"]
[White "Ljubojevic, Ljubomir"]
[Black "De Wachter, Stefan"]
[Result "1-0"]
[WhiteElo "2580"]
[BlackElo "2135"]

1.d4 d5 2.c4 Bf5 3.Qb3 e5 4.Nf3 Nc6 5.dxe5 d4 6.a3 Bc5 7.Qxb7 Nge7 8.Qb5 Bb6
9.Bg5 Qd7 10.Bxe7 Kxe7 11.Nbd2 Rhd8 12.c5 a6 13.Qc4 Ba7 14.b4 Be6 15.Qd3 Bf5
16.e4 dxe3 17.Qxd7+ Rxd7 18.fxe3 Bd3 19.Bxd3 Rxd3 20.Ke2 Rad8 21.Rhc1 R3d7
22.Nb3  1-0

[Event "Antwerp op"]
[Site "Antwerp"]
[Date "1994.??.??"]
[Round "2"]
[White "Vandevoort, Pascal"]
[Black "Ljubojevic, Ljubomir"]
[Result "0-1"]
[WhiteElo "2305"]
[BlackElo "2580"]

1.d4 Nf6 2.Nf3 g6 3.c4 Bg7 4.Nc3 c5 5.d5 O-O 6.e4 d6 7.Bd3 e5 8.h3 Nh5 9.g3 Na6
10.a3 Nc7 11.b4 b6 12.Rb1 f5 13.bxc5 bxc5 14.Bg5 Nf6 15.Qc2 Qe8 16.Nd2 h6
17.Bxf6 Bxf6 18.Nb5 Nxb5 19.cxb5 Qe7 20.Nc4 f4 21.g4 Bh4 22.a4 Kg7 23.Rb3 Bd7
24.Be2 f3 25.Rxf3 a6 26.b6 Rxf3 27.Bxf3 Qf6 28.Nd2 Rb8 29.Qb3 c4 30.Qxc4 Rxb6
31.O-O Rb2 32.Qc7 Rxd2 33.Qxd7+ Qf7 34.Qxf7+ Kxf7 35.Bg2 Kf6 36.Rb1 Bxf2+
37.Kh1 Kg5 38.Bf1 a5 39.Rb5 Kh4 40.Rb3 Bc5 41.Rc3 Rd4  0-1

[Event "Antwerp op"]
[Site "Antwerp"]
[Date "1994.??.??"]
[Round "6"]
[White "Blatny, Pavel"]
[Black "Ljubojevic, Ljubomir"]
[Result "1-0"]
[WhiteElo "2485"]
[BlackElo "2580"]

1.e4 c5 2.c3 d5 3.exd5 Qxd5 4.d4 Nc6 5.Nf3 Nf6 6.dxc5 Qxc5 7.Na3 Ng4 8.Qe2 a6
9.h3 Nge5 10.Be3 Nxf3+ 11.Qxf3 Qf5 12.Qg3 Qe5 13.f4 Qc7 14.Nc4 Be6 15.Bb6 Qc8
16.Qe3 Bxc4 17.Bxc4 e6 18.f5 Ne7 19.Bb3 Nxf5 20.Ba4+ Ke7 21.Qd3 Qb8 22.Qd7+ Kf6
23.O-O Kg6 24.Bc2 Qe5 25.Rae1 Bc5+ 26.Kh1 Kh6 27.Bxf5  1-0

[Event "Antwerp op"]
[Site "Antwerp"]
[Date "1994.??.??"]
[Round "9"]
[White "Ljubojevic, Ljubomir"]
[Black "Winants, Luc"]
[Result "1/2-1/2"]
[WhiteElo "2580"]
[BlackElo "2500"]

1.c4 c5 2.Nf3 Nf6 3.g3 d5 4.cxd5 Nxd5 5.Bg2 Nc6 6.Nc3 g6 7.Qb3 Nc7 8.Ng5 e6
9.Bxc6+ bxc6 10.d3 Be7 11.Nf3 f6 12.Qa4 O-O 13.Qxc6 Rb8 14.Qa4 Bd7 15.Qc2 e5
16.h4 Bc6 17.h5 g5 18.e4 Ne6 19.Be3 Qd7 20.Ne2 Rfd8 21.Rd1 c4 22.Qxc4 Rxb2
23.Nc3 Rb4 24.Qa6 Nd4 25.Nh2 Nc2+ 26.Ke2 Nxe3 27.fxe3 Bb7 28.Qa3 Qh3 29.Kf2 Qxh5
30.Nf3 Qf7 31.Qc1 Rb6 32.Qa1 Bb4 33.Ne2 Ra6 34.Nc1 Ba3 35.Nb3 Rc6 36.Qb1 Rdc8
37.Rd2 Bb4 38.Re2 Ba6 39.Rc1 Rxc1 40.Nxc1 Bf8 41.Rc2 Bc5 42.Nb3 Bb6 43.Rxc8+ Bxc8
44.Qc2 Be6 45.d4 Qc7 46.Qb2 Qc4 47.dxe5 Qxe4 48.Nbd4 fxe5 49.Nxg5 Qxe3+ 50.Kxe3 Bxd4+
51.Qxd4 exd4+ 52.Kxd4 Bxa2 53.Nxh7  1/2-1/2

[Event "FRA-chT "]
[Site "FRA"]
[Date "1994.??.??"]
[Round "?"]
[White "Ljubojevic, Ljubomir"]
[Black "Murrey, Jacob"]
[Result "1/2-1/2"]
[WhiteElo "2600"]
[BlackElo "2525"]

1.d4 Nf6 2.c4 g6 3.Nc3 Bg7 4.e4 d6 5.f3 O-O 6.Be3 Nc6 7.Nge2 a5 8.Rc1 Nd7
9.d5 Nce5 10.Ng3 Nb6 11.b3 a4 12.Be2 axb3 13.axb3 Ra3 14.Nb5 Ra2 15.O-O c6
16.Nd4 cxd5 17.exd5 e6 18.dxe6 fxe6 19.Ne4 Nf7 20.Nb5 d5 21.Nec3 Ra6 22.c5 Nd7
23.f4 Nf6 24.Bd4 Bd7 25.Ra1 Qb8 26.Na4 Bxb5 27.Bxb5 Ra5 28.Nc3 Rxa1 29.Qxa1 e5
30.fxe5 Nxe5 31.Qe1 Nfg4 32.Rxf8+ Kxf8 33.Qg3 Kg8 34.Ne2 h5 35.h3 Nf3+ 36.Qxf3 Qh2+
37.Kf1 Qh1+ 38.Bg1 Nh2+ 39.Kf2 Nxf3 40.Kxf3 g5 41.Bd7 g4+ 42.hxg4 Qh4 43.Be6+ Kh8
44.Be3 Qf6+ 45.Nf4 d4 46.Bd2 Bh6 47.Bd5 Bxf4 48.Bxf4 d3 49.Ke4 hxg4 50.b4 Kh7
51.Bd2 Qf1 52.Kd4 Qe2 53.Kc3 Kg6 54.Bxb7 Kf6 55.Bc6 Ke5 56.b5 Qf1 57.b6 Qf2
58.b7 Qxc5+ 59.Kxd3 Qb6 60.g3 Qb3+ 61.Ke2 Kd4 62.Bf4 Qc2+ 63.Kf1 Qb1+ 64.Kg2 Qc2+
65.Kg1 Qb1+ 66.Kh2 Qh7+  1/2-1/2

[Event "Leon"]
[Site "Leon"]
[Date "1994.??.??"]
[Round "4"]
[White "Ljubojevic, Ljubomir"]
[Black "De la Villa Garcia, Jesus Maria"]
[Result "1/2-1/2"]
[WhiteElo "2600"]
[BlackElo "2470"]

1.d4 d5 2.Nf3 Nf6 3.c4 dxc4 4.Nc3 e6 5.e4 Bb4 6.Bg5 c5 7.Bxc4 cxd4 8.Nxd4 Bxc3+
9.bxc3 Qa5 10.Bb5+ Nbd7 11.Bxf6 Qxc3+ 12.Ke2 Qb2+ 13.Kf1 gxf6 14.Rb1 Qa3
15.h4 Qd6 16.Rh3 a6 17.Bxd7+ Bxd7 18.Rd3 Rd8 19.Kg1 Bb5 20.Rd2 Qf4 21.Rbb2 O-O
22.Nxb5 Rxd2 23.Qxd2 Qxd2 24.Rxd2 axb5 25.Rb2 Ra8 26.Rxb5 Rxa2  1/2-1/2

[Event "Leon"]
[Site "Leon"]
[Date "1994.??.??"]
[Round "9"]
[White "Sion Castro, Marcelino"]
[Black "Ljubojevic, Ljubomir"]
[Result "0-1"]
[WhiteElo "2380"]
[BlackElo "2600"]

1.e4 c5 2.Nf3 e6 3.d4 cxd4 4.Nxd4 Nc6 5.g3 Nxd4 6.Qxd4 Ne7 7.Bg2 Nc6 8.Qd1 Bc5
9.O-O h5 10.Nc3 h4 11.Na4 Be7 12.c4 hxg3 13.hxg3 b6 14.Bf4 Ba6 15.Rc1 Rc8
16.b3 b5 17.cxb5 Bxb5 18.Re1 Bb4 19.Nc3 Ba6 20.Bd6 Qa5 21.Re3 Ne5 22.Bxb4 Qxb4
23.a3 Qe7 24.a4 g5 25.Nb5 Rxc1 26.Qxc1 Bxb5 27.axb5 g4 28.Rc3 Kf8 29.Rc7 Kg7
30.Qc3 f6 31.Rxa7 Rb8 32.Bf1 Nf3+ 33.Kg2 Rh8 34.Bc4 Qd6 35.Ra1 Rh2+ 36.Kf1 Qc5
37.Ra2 Qd6 38.Ra1 Qc5 39.Ra2 Nd4 40.Rd2 Rh1+ 41.Kg2 Qh5  0-1

[Event "Amber-rapid 3rd"]
[Site "Monte Carlo"]
[Date "1994.??.??"]
[Round "1"]
[White "Kortschnoj, Viktor"]
[Black "Ljubojevic, Ljubomir"]
[Result "1/2-1/2"]
[WhiteElo "2615"]
[BlackElo "2600"]

1.d4 d5 2.c4 e6 3.Nc3 Nf6 4.Bg5 Nbd7 5.e3 c6 6.Qc2 Qa5 7.Bh4 dxc4 8.Bxc4 b5
9.Bxf6 Nxf6 10.Bd3 Nd5 11.Be4 Bd7 12.a3 b4 13.Qa4 Qxa4 14.Nxa4 bxa3 15.bxa3 Rb8
16.Nf3 Rb3 17.O-O Rxa3 18.Rxa3 Bxa3 19.Ra1 Bb4 20.Nc5 a5 21.Ne5 Bxc5 22.dxc5 f6
23.Nc4 Ke7 24.Rxa5 Rb8 25.h4 Rb5 26.Kf1 h6 27.Rxb5 cxb5 28.Bxd5 exd5 29.Nd2 b4
30.Ke2 Bb5+ 31.Kd1 Kd7 32.Nf3 Kc6 33.Nd4+ Kxc5 34.Nf5 Bd7 35.Nxg7 d4 36.Kc2 dxe3
37.fxe3 Kd5 38.Kb3 Ke4 39.Nh5 Be6+ 40.Kxb4 f5 41.Kc5 Kxe3 42.Kd6 Bf7 43.Ng7 Kf4
44.Ke7 Bd5 45.Kf6 Bxg2  1/2-1/2

[Event "Amber-rapid 3rd"]
[Site "Monte Carlo"]
[Date "1994.??.??"]
[Round "2"]
[White "Ljubojevic, Ljubomir"]
[Black "Piket, Jeroen"]
[Result "1-0"]
[WhiteElo "2600"]
[BlackElo "2605"]

1.d4 Nf6 2.c4 g6 3.Nc3 Bg7 4.e4 d6 5.f3 O-O 6.Be3 Nbd7 7.Qd2 c5 8.Nh3 cxd4
9.Bxd4 Ne5 10.Nf2 Bd7 11.Be2 Qa5 12.Rc1 Rfc8 13.b3 a6 14.f4 Nc6 15.Be3 b5
16.Nd5 Qxd2+ 17.Kxd2 Nxd5 18.cxd5 Nb4 19.a3 Na2 20.Rxc8+ Rxc8 21.Rb1 Bc3+
22.Kd3 e6 23.g4 b4 24.a4 Bg7 25.Bf3 exd5 26.exd5 Nc3 27.Rc1 f5 28.g5 h6 29.h4 hxg5
30.hxg5 Kf7 31.Bb6 Rh8 32.Rh1 Rc8 33.Bd4 Na2 34.Rh7 Nc1+ 35.Ke3 Rg8 36.Bd1 a5
37.Kd2 Na2 38.Be2 Kf8 39.Bxg7+ Rxg7 40.Rxg7 Kxg7 41.Nd1 Kf8 42.Kc2 Ke7 43.Kb2 Nc3
44.Nxc3 bxc3+ 45.Kxc3 Kd8 46.b4 Bxa4 47.bxa5 Kc7 48.Kb4 Bc2 49.Bb5 Be4 50.Kc4 Bf3
51.Kd4 Kb7 52.Be8 Bh5 53.Kc4 Ka6 54.Kb4 Kb7 55.Bb5 Bf3 56.Bc4  1-0

[Event "Amber-blind 3rd"]
[Site "Monte Carlo"]
[Date "1994.??.??"]
[Round "2"]
[White "Piket, Jeroen"]
[Black "Ljubojevic, Ljubomir"]
[Result "1/2-1/2"]
[WhiteElo "2605"]
[BlackElo "2600"]

1.d4 Nf6 2.c4 g6 3.Nc3 d5 4.Nf3 Bg7 5.Qb3 dxc4 6.Qxc4 O-O 7.e4 Bg4 8.Be3 Nbd7
9.Rd1 c6 10.Be2 a5 11.O-O Rc8 12.Qb3 b5 13.h3 b4 14.Na4 Be6 15.Qc2 Bxa2 16.b3 Bxb3
17.Qxb3 Nxe4 18.Nd2 Nxd2 19.Rxd2 e6 20.Rc1 Qh4 21.Bf3 e5 22.Bg4 Rcd8 23.g3 Qe7
24.d5 cxd5 25.Rxd5 h5 26.Bxd7 Rxd7 27.Rxa5 Rfd8 28.Nc5 Rd5 29.Qxb4 Rd1+ 30.Rxd1 Rxd1+
31.Kg2 Qd8 32.Qa4 Kh7 33.Ne4 Bh6 34.Bxh6 Kxh6 35.Rxe5 f5 36.Nc3 Rd4 37.Qe8 Qxe8
38.Rxe8 h4 39.Ne2 Rc4 40.Nf4 hxg3 41.fxg3 g5 42.Re6+ Kh7 43.Nd5 Kg7 44.Ne3 Rc5
45.Kf3 Kf7 46.Rd6 Rc3 47.Rd5 Ke6 48.Rxf5 Rxe3+ 49.Kxe3 Kxf5 50.Kd4 Ke6 51.Ke4 Kf6
52.Ke3 Ke5 53.Kf3 Kf5 54.Kf2 Kf6 55.Kf1 Kf7 56.Kg2 Ke6 57.Kg1 Ke5 58.Kf2 Kf6
59.Ke3 Ke5 60.Kd3 Kd5 61.Ke2 Ke6 62.Kd2 Kd6 63.Ke1 Ke7 64.Kf2 Kf6 65.Kg2 Ke5
66.Kf3 Kf5 67.g4+ Ke5 68.Kg3 Kf6 69.Kf2 Ke6 70.Kf3 Ke5 71.Ke2 Ke6 72.Kd3 Ke5
73.Ke3 Kd5 74.Kf2 Ke6 75.Ke2 Ke5 76.Kf3 Kf6 77.Kg3 Kg7 78.Kg2 Kf6 79.Kf2 Ke5
80.Ke3 Kd5 81.Kd3 Ke5 82.Ke2 Ke6 83.Kf3 Kf6 84.Ke4 Ke6 85.Kd4 Kd6 86.Kd3 Kd5
87.Ke3 Ke5 88.Kf2 Ke6 89.Kg3 Kf6 90.Kf2 Ke6 91.Ke2 Ke5 92.Ke3 Kd5 93.Kf3 Ke5
94.Kg3 Kf6 95.h4 gxh4+ 96.Kxh4 Kg6 97.g5 Kg7 98.Kh5 Kh7 99.g6+ Kg7 100.Kg5 Kg8
101.Kf6 Kf8 102.g7+ Kg8 103.Kg6  1/2-1/2

[Event "Monaco m"]
[Site "Monte Carlo"]
[Date "1994.??.??"]
[Round "5"]
[White "Piket, Jeroen"]
[Black "Ljubojevic, Ljubomir"]
[Result "1/2-1/2"]
[WhiteElo "2605"]
[BlackElo "2600"]

1.d4 Nf6 2.c4 e6 3.Nc3 Bb4 4.Qb3 c5 5.dxc5 Nc6 6.Nf3 Qa5 7.Bd2 Qxc5 8.e3 O-O
9.a3 Bxc3 10.Bxc3 Ne4 11.Bd3 Nxc3 12.Qxc3 b6 13.O-O Bb7 14.Rfd1 Rac8 15.Rac1 Rfd8
16.b4 Qf8 17.c5 Nb8 18.Qd4 Bxf3 19.gxf3 bxc5 20.Rxc5 Rxc5 21.Qxc5 Qxc5 22.bxc5 Kf8
23.Rb1 Nc6 24.Rb7 Rb8 25.Rxd7 Ne5 26.Rd6 Nxf3+ 27.Kg2 Ne5 28.f4 Nxd3 29.Rxd3 Rc8
30.Rc3 Ke7 31.Kf3 Kd7 32.Rc4 Kc6 33.Ra4 Rc7 34.Ra5 Kb7 35.Ke4 Rd7 36.Rb5+ Kc6
37.Ra5 Kb7 38.Rb5+ Kc7 39.Ra5 Kc6 40.h4 h6 41.Ke5 Rd5+ 42.Ke4 f5+ 43.Kf3 Rd7
44.h5 Kd5 45.Ke2 Kc6  1/2-1/2

[Event "Amber-rapid 3rd"]
[Site "Monte Carlo"]
[Date "1994.??.??"]
[Round "9"]
[White "Ljubojevic, Ljubomir"]
[Black "Karpov, Anatoly"]
[Result "1-0"]
[WhiteElo "2600"]
[BlackElo "2740"]

1.e4 c6 2.d4 d5 3.e5 Bf5 4.Nc3 e6 5.g4 Bg6 6.Nge2 Ne7 7.Nf4 c5 8.h4 cxd4
9.Nb5 Nec6 10.h5 Be4 11.f3 Bxf3 12.Qxf3 Nxe5 13.Qe2 Nbc6 14.Bg2 Bc5 15.c3 dxc3
16.bxc3 O-O 17.h6 g6 18.Rb1 Qa5 19.Kf1 Nc4 20.Bxd5 exd5 21.Nxd5 Qa4 22.Nf6+ Kh8
23.Nd7 Bb6 24.Nxf8 Rxf8 25.Kg2 Kg8 26.Rf1 a6 27.Nd6 Nxd6 28.Rxb6 Re8 29.Qf3 Ne5
30.Qf4 Qxa2+ 31.Kh3 Qe6 32.Rd1 Rd8 33.Ba3 Nec4 34.Rbxd6 Nxd6 35.Rxd6 Rxd6
36.Bxd6 Qe1 37.Be5 Qh1+ 38.Kg3 Qg1+ 39.Kh4 Qh1+ 40.Kg5 Kf8 41.Bd6+ Ke8 42.Qe5+ Kd7
43.Qe7+ Kc6 44.Qc7+  1-0

[Event "Moscow ol (Men)"]
[Site "Moscow"]
[Date "1994.??.??"]
[Round "8"]
[White "Ljubojevic, Ljubomir"]
[Black "Vaganian, Rafael A"]
[Result "1-0"]
[WhiteElo "2580"]
[BlackElo "2645"]

1.e4 e6 2.d4 d5 3.Nd2 c5 4.exd5 exd5 5.Ngf3 Nc6 6.Bb5 Bd6 7.dxc5 Bxc5 8.O-O Ne7
9.Nb3 Bd6 10.Re1 O-O 11.h3 h6 12.Bd2 Bc7 13.Bc3 Qd6 14.Nbd4 Bb6 15.Qd2 Ng6
16.Rad1 Bd7 17.Bf1 Rfd8 18.g3 Rac8 19.Bg2 Re8 20.Rxe8+ Rxe8 21.a4 a6 22.a5 Ba7
23.b4 Nce5 24.Nxe5 Nxe5 25.Re1 Re7 26.Qf4 g5 27.Qd2 Qf6 28.Rxe5 Rxe5 29.Nf3 d4
30.Nxe5 Qxe5 31.Bb2 Bf5 32.c4 dxc3 33.Bxc3 Qc7 34.Ba1 Kf8 35.Qb2 Be6 36.Qh8+ Ke7
37.Be5 Qc8 38.Qxh6 Qc1+ 39.Kh2 Qd2 40.Qf6+ Kd7 41.Bc3 Qxf2 42.Qxf2 Bxf2 43.Bxb7 Bc4
44.Kg2 Be3 45.Kf3 Bc1 46.Kf2 f5 47.Bf3 Kd6 48.Ke1 f4 49.Kd1 Be3 50.gxf4 Bb3+
51.Ke2 Bxf4 52.Bd2 Ke5 53.Bxf4+ Kxf4 54.Kf2 Be6  1-0

[Event "Moscow ol (Men)"]
[Site "Moscow"]
[Date "1994.??.??"]
[Round "12"]
[White "Guliev, Sarhan"]
[Black "Ljubojevic, Ljubomir"]
[Result "0-1"]
[WhiteElo "2490"]
[BlackElo "2580"]

1.d4 Nf6 2.c4 g6 3.Nc3 Bg7 4.Nf3 O-O 5.g3 d5 6.Bg2 dxc4 7.Ne5 Nc6 8.Nxc6 bxc6
9.Bxc6 Rb8 10.Bg2 Bb7 11.e4 Qd7 12.O-O Rfd8 13.Re1 Qxd4 14.Qxd4 Rxd4 15.Be3 c5
16.Bxd4 cxd4 17.Nb5 d3 18.Rec1 Nxe4 19.Rxc4 Nd2 20.Rc5 Bxg2 21.Kxg2 Ne4 22.Rc4 f5
23.a4 a6 24.Nc3 Nd6 25.Rc7 Rxb2 26.Nd5 Ne4 27.Rf1 Bd4 28.Nxe7+ Kf8 29.Rc4 Rxf2+
30.Rxf2 Bxf2 31.Rc7 d2 32.Rd7 Ke8  0-1

[Event "Amber-rapid 4th"]
[Site "Monte Carlo"]
[Date "1995.??.??"]
[Round "6"]
[White "Karpov, Anatoly"]
[Black "Ljubojevic, Ljubomir"]
[Result "1-0"]
[WhiteElo "2780"]
[BlackElo "2580"]

1.d4 Nf6 2.c4 g6 3.g3 Bg7 4.Bg2 d5 5.cxd5 Nxd5 6.e4 Nb6 7.Ne2 c5 8.d5 e6
9.Nbc3 exd5 10.exd5 O-O 11.O-O Bf5 12.h3 h5 13.Ne4 Na6 14.N2c3 Qd7 15.Kh2 Rad8
16.Bg5 f6 17.Be3 Bxe4 18.Nxe4 Nxd5 19.Bxc5 Nxc5 20.Nxc5 Qf7 21.Qb3 b6 22.Rad1 Nc7
23.Qxf7+ Kxf7 24.Nb7 Rxd1 25.Rxd1 Kg8 26.b4 f5 27.f4 Nb5 28.Rd7 Re8 29.Bd5+ Kh7
30.Nd8 Re2+ 31.Kh1 Nd4 32.Nf7 h4 33.Ng5+ Kh6 34.g4 Rf2 35.Nf7+ Kh7 36.Ng5+ Kh6
37.Bg8 fxg4 38.hxg4 Rxf4 39.Nf7+ Rxf7 40.Rxf7 Be5 41.Rxa7 Kg5 42.Re7 Bf4
43.Re4 Nf3 44.Kg2 Ne5 45.Be6 Nxg4 46.Re2 Ne5 47.a4 Nc6 48.Re4 Bd6 49.a5 bxa5
50.b5 Ne5 51.Bc8 Kf6 52.Rxh4 Bc5 53.Re4 Bb6 54.Kf1 Bc5 55.Ke2 Bb6 56.Kd2 g5
57.Kc3 Bc5 58.Kb3 Bb6 59.Bh3 Bc7 60.Rd4 Ke7 61.Ka4 Bb6 62.Rd5 Nc4 63.Rxg5 Nd6
64.Rg6 Bd8 65.Rh6 Bb6 66.Bg4 Bd8 67.Rh7+ Kf6 68.Rd7 Be7 69.b6 Nc4 70.Kb5 Ne5
71.Rd4 Nxg4 72.Rxg4 Bd6 73.Kc6 Be5 74.Ra4  1-0

[Event "New York PCA-qual"]
[Site "New York"]
[Date "1995.??.??"]
[Round "11"]
[White "Ljubojevic, Ljubomir"]
[Black "Chernin, Alexander"]
[Result "1/2-1/2"]
[WhiteElo "2580"]
[BlackElo "2600"]

1.e4 e6 2.d4 d5 3.Nc3 dxe4 4.Nxe4 Bd7 5.Nf3 Bc6 6.Bd3 Nd7 7.c4 Ngf6 8.Nc3 Bxf3
9.Qxf3 c5 10.d5 Ne5 11.Qe2 Nxd3+ 12.Qxd3 Be7 13.O-O O-O 14.Rd1 exd5 15.cxd5 Re8
16.Qf3 Qd7 17.h3 Bd6 18.Bf4 a6 19.a4 b6 20.Bxd6 Qxd6 21.Re1 c4 22.Re2 Rab8
23.Rae1 Rxe2 24.Rxe2 b5 25.axb5 axb5 26.Ne4 Nxe4 27.Qxe4 g6 28.Qd4 Rc8 29.h4 h5
30.g4 hxg4 31.Qxg4 Rd8 32.Qd4 b4 33.Qxc4 Qxd5 34.Qxb4 Qf3 35.Re1 Kh7 36.Qe4 Qf6
37.Qe7 Qxe7 38.Rxe7 Rb8 39.Re2 Rb4 40.f3 f5  1/2-1/2

[Event "NLD-chT9596"]
[Site "?"]
[Date "1995.??.??"]
[Round "?"]
[White "Ljubojevic, Ljubomir"]
[Black "Glek, Igor V"]
[Result "1/2-1/2"]
[WhiteElo "2580"]
[BlackElo "2600"]

1.c4 Nf6 2.Nc3 g6 3.g3 c6 4.Bg2 d5 5.cxd5 cxd5 6.d4 Bg7 7.Nf3 O-O 8.O-O Ne4
9.Nxe4 dxe4 10.Ne5 Nd7 11.Bxe4 Nxe5 12.dxe5 Bxe5 13.Bh6 Bg7 14.Bxg7 Kxg7
15.Qb3 Qd4 16.Bf3 Be6 17.Qxb7 Rab8 18.Qxe7 Rxb2 19.Rfd1 Qa4 20.a3 Rc8 21.Qd6 Rb3
22.Qe5+ Kg8 23.Rd4 Qb5 24.Qxb5 Rxb5 25.Be4 Ra5 26.Bd3 Kg7 27.a4 Rb8 28.f3 Rb2
29.g4 h5 30.h3 hxg4 31.hxg4 g5 32.Kf2 Kf6 33.Rd6 Ke5 34.Ra6 Rxa6 35.Bxa6 Kd4
36.Bb5 Bb3 37.Rh1 a6 38.Bxa6 Bxa4 39.Rh6 Ke5 40.Bc4 Rb7 41.Ra6 Bc2 42.Ke3 Bb3
43.Ra5+ Kf6 44.Rf5+ Kg6 45.Bd3 Re7+ 46.Kf2 Be6 47.Ra5+ Kf6 48.Kg3 Rd7 49.Be4 Rd6
50.Ra1 Rb6 51.Ra5 Rb2 52.Bd3 Rb3 53.Ra4 Rc3 54.Kf2 Rc5 55.Ke3 Re5+ 56.Be4 Rb5
57.Kd4 Rb8 58.Bd3 Rd8+ 59.Ke3 Rd6 60.Ra5 Rb6 61.f4 gxf4+ 62.Kxf4 Rb4+ 63.e4 Bc4
64.e5+ Kg7 65.Bf5 Be2+ 66.Kg5 Rb5  1/2-1/2

[Event "Amber-blind 5th"]
[Site "Monte Carlo"]
[Date "1996.??.??"]
[Round "3"]
[White "Ljubojevic, Ljubomir"]
[Black "Xie Jun"]
[Result "1-0"]
[WhiteElo "2600"]
[BlackElo "2530"]

1.d4 Nf6 2.c4 g6 3.g3 Bg7 4.Bg2 d5 5.cxd5 Nxd5 6.Nf3 O-O 7.O-O Nb6 8.Nc3 Nc6
9.e3 Re8 10.Re1 e5 11.d5 Na5 12.e4 c6 13.Bg5 f6 14.Be3 Nac4 15.dxc6 bxc6
16.Bc1 Be6 17.b3 Nd6 18.Ba3 Bf8 19.Bf1 Rc8 20.Bc5 Rc7 21.Qd2 Rd7 22.Qe3 Bg7
23.Rad1 Nf7 24.Rxd7 Nxd7 25.Na4 Qa5 26.Rd1 Bh6 27.Qe1 Qxe1 28.Rxe1 Nxc5 29.Nxc5 Bg4
30.Kg2 Bf8 31.Rc1 f5 32.Bc4 Bxc5 33.Bxf7+ Kxf7 34.Rxc5 Bxf3+ 35.Kxf3 Re6
36.Ke3 Kf6 37.Ra5 Re7 38.h4 Ke6 39.f4 Kf6 40.exf5 gxf5 41.Ra6 Rc7 42.fxe5+ Kxe5
43.Ra5+ Ke6 44.Kf4 Rg7 45.Re5+ Kd6 46.Rxf5 c5 47.g4 Kc6 48.g5 a5 49.h5 a4
50.Rf6+ Kd5 51.Rb6 axb3 52.axb3 Rf7+ 53.Kg4 Ke5 54.g6 hxg6 55.hxg6 Rf1 56.Kg5 Rg1+
57.Kh6 Rh1+ 58.Kg7 Rg1 59.Kf7  1-0